Poszt-posztmodern
Elmentve itt :
| Szerző: | |
|---|---|
| Adatforrás: | Meister |
| Forrásdokumentuma: | Helikon. - 21 sz., 1997, 12 p. |
| Nyelv: | magyar |
| Kulcsszavak: | kultúrfilozófia posztmodern & modern |
| LEADER | 00352nab a2200133 i 4500 | ||
|---|---|---|---|
| 001 | bibPRO00009783 | ||
| 008 | 060524s1997 xx hun | ||
| 040 | |a Sz1 | ||
| 041 | |a hun | ||
| 100 | 1 | |a PETHŐ Bertalan | |
| 245 | 1 | 0 | |a Poszt-posztmodern |c PETHŐ Bertalan |
| 695 | |a kultúrfilozófia | ||
| 695 | |a posztmodern & modern | ||
| 773 | 0 | |t Helikon. - |g 21 sz., 1997, 12 p. | |